| 000 | 01033cam a2200301 4500 | ||
|---|---|---|---|
| 001 | a4845966 | ||
| 003 | CO-ViMGA | ||
| 005 | 20230915233605.0 | ||
| 008 | 101022s2010 sp | |||| 000 0 spa | ||
| 020 | _a9788420664149 | ||
| 040 |
_aCO-ViMGA _bspa _cCO-ViMGA |
||
| 041 | 1 | _hger | |
| 082 | 0 | 4 |
_a150.1952 _bF73m |
| 100 | 1 |
_aFreud, Sigmund _d1856-1939 _913627 |
|
| 243 | 1 | 0 |
_aObra selecta _lEspañol |
| 245 | 1 | 3 |
_aEl malestar en la cultura y otros ensayos _h[Texto impreso] _cSigmund Freud ; introduccion de Carlos Gom̤ez ; [traduccion de Ramon̤ Rey Ardid y Luis Lop̤ez Ballesteros y de Torres] |
| 250 | _a3® ed. | ||
| 260 |
_aMadrid : _bAlianza Editorial, _c2010 |
||
| 300 |
_a334 p. ; _c18 cm |
||
| 490 | 0 | _aEl libro de bolsillo. Biblioteca de autor | |
| 490 | 0 |
_aFreud _v1 |
|
| 504 | _aBibliografia: p. 55-56 | ||
| 650 | 1 | 4 |
_aPsicoanálisis _910584 |
| 700 | 1 |
_aGomez Sanchez, Carlos _913628 |
|
| 700 | 1 |
_aLop̤ez-Ballesteros y de Torres, Luis _d1896-1938 _913630 |
|
| 700 | 1 |
_aRey Ardid, Ramon _913629 |
|
| 942 |
_2ddc _cBK |
||
| 999 |
_c7126 _d7126 |
||